Größte Stadt mit 4 Buchstaben in diesem Land - Statistiken

Allgemein
  • Dieses Quiz wurde 246 mal gespielt
    221 seit der letzten Aktualisierung
  • Das Durchschnittsergebnis liegt bei 8 aus 18
Antwortstatistiken
Land Stadt % Korrekt
Tschechien Prag
95%
Ukraine Kiew
93%
Schweiz Genf
73%
Frankreich Lyon
71%
Belgien Gent
62%
Polen Łodz
57%
Osttimor Dili
56%
Irland Cork
50%
Fidschi Suva
46%
Russland Omsk
37%
Algérien Oran
35%
China Xi'an
31%
Ungarn Pécs
22%
Philippinen Cebu
16%
Nigeria Kano
15%
Vereinigte Staaten Mesa
3%
Iran Ghom
1%
Marokko Salé
1%
Keine übereinstimmenden Quizze gefunden
Verteilung der Resultate
Anzahl Personen mit jedem Resultat
Perzentil nach korrekt beantworteten Fragen
Ihre Resultats-Entwicklung
Sie haben dieses Quiz seit der letzten Aktualisierung nicht gespielt